<?xml version="1.0" encoding="UTF-8"?>
<collection xmlns="http://www.loc.gov/MARC21/slim">
 <record>
  <leader>02644cam a2200409 a 4500</leader>
  <controlfield tag="001">000042244</controlfield>
  <controlfield tag="003">117</controlfield>
  <controlfield tag="005">20220406083034.0</controlfield>
  <controlfield tag="008">010217b2005    vm            000   vie</controlfield>
  <datafield tag="020" ind1=" " ind2=" ">
   <subfield code="c">19000</subfield>
  </datafield>
  <datafield tag="040" ind1=" " ind2=" ">
   <subfield code="a">LRCC</subfield>
   <subfield code="c">LRCC</subfield>
   <subfield code="d">LRCC</subfield>
  </datafield>
  <datafield tag="041" ind1="0" ind2=" ">
   <subfield code="a">vie</subfield>
  </datafield>
  <datafield tag="082" ind1="1" ind2="4">
   <subfield code="a">637.1</subfield>
   <subfield code="b">LÊ-T</subfield>
  </datafield>
  <datafield tag="100" ind1="1" ind2=" ">
   <subfield code="a">Lê, Thị Liên Thanh,</subfield>
   <subfield code="c">TS.</subfield>
  </datafield>
  <datafield tag="245" ind1="1" ind2="0">
   <subfield code="a">Công nghệ chế biến sữa và các sản phẩm sữa /</subfield>
   <subfield code="c">Lê Thị Liên Thanh, Lê Văn Hoàng.</subfield>
  </datafield>
  <datafield tag="264" ind1=" " ind2="1">
   <subfield code="a">Hà Nội :</subfield>
   <subfield code="b">Khoa học và kỹ thuật,</subfield>
   <subfield code="c">2005.</subfield>
  </datafield>
  <datafield tag="300" ind1=" " ind2=" ">
   <subfield code="a">171 tr. :</subfield>
   <subfield code="b">mh. ;</subfield>
   <subfield code="c">20,5 cm.</subfield>
  </datafield>
  <datafield tag="520" ind1="3" ind2=" ">
   <subfield code="a">Đặc điểm, thành phần và cấu trúc của sữa tươi. Bảo quản, thu nhận, lọc và tiêu chuẩn hoá sữa tươi. Kỹ thuật chế biến sữa (sữa tiêu dùng, sữa bảo quản và sữa lên men). Kỹ thuật sản xuất bơ và pho mát. Phụ lục: Quy trình sản xuất sữa tươi tiệt trùng; Quy trình sản xuất sữa cô đặc có đường; Quy trình sản xuất sữa chua; Quy trình sản xuất sữa chua uống; Quy trình sản xuất sữa tiệt trùng, sữa chua, sữa đậu nành, kem cao cấp; Quy trình sản xuất kem que; Quy trình sản xuất bơ; Quy trình sản xuất pho mát. Sơ đồ hệ thống xử lý nước thải trong nhà máy sữa.</subfield>
  </datafield>
  <datafield tag="526" ind1="0" ind2=" ">
   <subfield code="a">Công nghệ thực phẩm</subfield>
  </datafield>
  <datafield tag="630" ind1="0" ind2="4">
   <subfield code="a">Sữa.</subfield>
  </datafield>
  <datafield tag="650" ind1="0" ind2="4">
   <subfield code="a">Sữa</subfield>
   <subfield code="x">Chế biến.</subfield>
  </datafield>
  <datafield tag="700" ind1="1" ind2=" ">
   <subfield code="a">Lê Văn Hoàng,</subfield>
   <subfield code="c">PGS. TSKH.</subfield>
  </datafield>
  <datafield tag="910" ind1=" " ind2=" ">
   <subfield code="a">HTNHUNG</subfield>
  </datafield>
  <datafield tag="OWN" ind1=" " ind2=" ">
   <subfield code="a">DUT</subfield>
  </datafield>
  <datafield tag="AVA" ind1=" " ind2=" ">
   <subfield code="a">UDN50</subfield>
   <subfield code="b">DUT</subfield>
   <subfield code="c">Book</subfield>
   <subfield code="d">637.1 LÊ-T</subfield>
   <subfield code="e">check_holdings</subfield>
   <subfield code="t">Error 5003 Not defined in file expand_doc_bib_avail.</subfield>
   <subfield code="h">N</subfield>
   <subfield code="j">SH</subfield>
   <subfield code="k">1</subfield>
  </datafield>
  <datafield tag="Z40" ind1="3" ind2=" ">
   <subfield code="y">Công nghệ chế biến sữa và các sản phẩm sữa</subfield>
   <subfield code="l">Library of DUT</subfield>
   <subfield code="t">VIEW</subfield>
   <subfield code="x">http://catalog.udn.vn:80/F?func=service&amp;doc_library=UDN01&amp;local_base=UDN01&amp;doc_number=000042244&amp;sequence=000001&amp;line_number=0001&amp;func_code=DB_RECORDS&amp;service_type=MEDIA</subfield>
   <subfield code="f">CNchebiensuavacacsps_000015186.pdf</subfield>
   <subfield code="e">pdf</subfield>
   <subfield code="s">020176054</subfield>
   <subfield code="k">20220406</subfield>
   <subfield code="m">HTNHUNG</subfield>
  </datafield>
  <datafield tag="999" ind1=" " ind2=" ">
   <subfield code="a">From the UDN01</subfield>
  </datafield>
  <datafield tag="AVA" ind1=" " ind2=" ">
   <subfield code="a">UDN50</subfield>
   <subfield code="b">DUT</subfield>
   <subfield code="c">Book</subfield>
   <subfield code="d">637.1 LÊ-T</subfield>
   <subfield code="e">available</subfield>
   <subfield code="t">Error 5001 Not defined in file expand_doc_bib_avail.</subfield>
   <subfield code="f">297</subfield>
   <subfield code="g">43</subfield>
   <subfield code="h">N</subfield>
   <subfield code="i">4</subfield>
   <subfield code="j">SH</subfield>
   <subfield code="k">1</subfield>
  </datafield>
  <datafield tag="TYP" ind1=" " ind2=" ">
   <subfield code="a">Monograph</subfield>
  </datafield>
  <datafield tag="TYP" ind1=" " ind2=" ">
   <subfield code="a">Printed language</subfield>
  </datafield>
  <datafield tag="856" ind1=" " ind2=" ">
   <subfield code="y">Công nghệ chế biến sữa và các sản phẩm sữa</subfield>
   <subfield code="l">Library of DUT</subfield>
   <subfield code="t">VIEW</subfield>
   <subfield code="x">http://catalog.udn.vn:80/F?func=service&amp;doc_library=UDN01&amp;local_base=UDN01&amp;doc_number=000042244&amp;sequence=000001&amp;line_number=0001&amp;func_code=DB_RECORDS&amp;service_type=MEDIA</subfield>
   <subfield code="f">CNchebiensuavacacsps_000015186.pdf</subfield>
   <subfield code="e">pdf</subfield>
   <subfield code="s">020176054</subfield>
   <subfield code="k">20220406</subfield>
   <subfield code="m">HTNHUNG</subfield>
  </datafield>
  <datafield tag="980" ind1=" " ind2=" ">
   <subfield code="a">Mạng thư viện Đại học Đà Nẵng</subfield>
  </datafield>
 </record>
</collection>
